Anuario / Comisión Nacional de Caminos
Descripción Física:
40, [24] p., 3 f. plegats : il. ; 23 cm
Materias:
Carreteres -- Mèxic
MARC
| LEADER | 00000nam a2200000Ia 4500 | ||
|---|---|---|---|
| 001 | 23595 | ||
| 008 | 160829s1930 xx 000 0 cat d | ||
| 080 | |a C-3-406 | ||
| 100 | |a Comisión Nacional de Caminos (Mèxic) |9 48991 | ||
| 245 | |a Anuario / Comisión Nacional de Caminos | ||
| 260 | |a Mexico : |b Estados Unidos Mexicanos, |c 1930 | ||
| 300 | |a 40, [24] p., 3 f. plegats : |b il. ; |c 23 cm | ||
| 650 | |a Carreteres |x Mèxic |9 48992 | ||
| 901 | |a Arxiu | ||
| 942 | |n 1 | ||
| 952 | |0 0 |1 0 |4 0 |6 C3406 |7 1 |9 55023 |a Arxiu |b Arxiu |d 2012-08-14 |l 0 |o C-3-406 |p 23595 |r 2016-12-01 00:00:00 |w 2016-12-01 |y ARXIU | ||
| 999 | |c 58893 |d 58893 | ||